V. 26, № 7; Journal of Nuclear Energy

Bibliografiset tiedot
Parent link:Journal of Nuclear Energy: journal. V. 26, № 7.— , 1956-1959, 1967-1970, 1972-1973
Kieli:englanti
Julkaistu: 1972
Aineistotyyppi: Kirja
KOHA link:https://koha.lib.tpu.ru/cgi-bin/koha/opac-detail.pl?biblionumber=567769

MARC

LEADER 00000nam2a2200000 4500
001 567769
005 20231101124417.0
035 |a (RuTPU)RU\TPU\prd\264784 
035 |a RU\TPU\prd\264778 
090 |a 567769 
100 |a 20161103a19561991k y0engy50 ba 
101 0 |a eng 
102 |a GB 
200 0 |a V. 26, № 7 
210 |d 1972 
461 1 |0 (RuTPU)RU\TPU\prd\793  |t Journal of Nuclear Energy  |o journal  |v V. 26, № 7  |d 1956-1959, 1967-1970, 1972-1973 
801 0 |a RU  |b 63413507  |c 20011210  |g PSBO 
801 2 |a RU  |b 63413507  |c 20161103  |g PSBO 
942 |c BK 
999 |a НТБ_ТПУ  |b НФ  |e -14/20160111  |p П-4226  |u 0,00  |v 1